000 01052cam a22002414a 4500
005 20250605164237.0
008 250528s ||||||||||||||||||||||||d
035 _a21189
020 _a9780814471197
040 _aGR-AtMCL
_bgre
_dGR-AtMCL
_eAACR2
245 1 _aDesigning Dynamic Organizations / A hands-on guide for leaders at all levels
250 _a1s
260 _bAddison-Wesley Publishing Company,
_c2002
300 _a286
505 0 _aPreface, Acknowledgements, Getting Started, Determing the Design Framework, Designing the Structure, Processes and Lateral Capability, Defining and Rewarding Success, People Practices, Implementation, Conclusion.
520 _aPreface, Acknowledgements, Getting Started, Determing the Design Framework, Designing the Structure, Processes and Lateral Capability, Defining and Rewarding Success, People Practices, Implementation, Conclusion.
700 1 _aDowney Diane
_97214
700 1 _aGalbraith Jay
_92747
700 1 _aKates Amy
_97215
942 _cBK
999 _c6257
_d6257